| 000 | 00647nam a2200253Ia 4500 | ||
|---|---|---|---|
| 001 | 22051 | ||
| 005 | 20240114000622.0 | ||
| 007 | ta | ||
| 008 | 060313s1902 g b000 u 297 u | ||
| 040 | _aCotton College,Assam | ||
| 041 | _a297 | ||
| 082 |
_a892.7 _bZa 264 Mu |
||
| 100 | _aZaidan, Ibrahim . | ||
| 245 | 0 |
_aMuhazirat-Adbai / _cIbrahim Zaidan. _hTextual Documents |
|
| 246 | _aLectures of litterateure. | ||
| 250 | _a1st ed. / | ||
| 260 |
_aEgypt : _bSn , _c1902. |
||
| 300 |
_a352p. ; _c22cm. |
||
| 653 | _aArabic Literature | ||
| 653 | _aG-Arabic | ||
| 942 |
_2ddc _cBK |
||
| 999 |
_c22033 _d22033 |
||